| 000 | 01068cam a22002054a 4500 | ||
|---|---|---|---|
| 005 | 20250605163940.0 | ||
| 008 | 250528s ||||||||||||||||||||||||d | ||
| 035 | _a14979 | ||
| 020 | _a534980791 | ||
| 040 |
_aGR-AtMCL _bgre _dGR-AtMCL _eAACR2 |
||
| 245 | 1 | _aOperations Research / Applications and Algorithms | |
| 250 | _a2nd | ||
| 260 |
_bPws-Kent Publishing Company, _c1991 |
||
| 300 | _a1262 | ||
| 520 | _aPreface, Introduction to Operations Research, Basic Linear Algebra, Introduction to Linear Programming, The Simplex Algorithm, Sensitivity Analysis: An Applied Approach, Sensitivity Analysis and Duality, Network Models, Integer Programming, Advanced Topics in Linear Programming, Review of Calculus and Probability, Nonlinear Programming, Decision Making Under Uncertainty, Game Theory, Deterministic EOQ Inventory Models, Probabilistic Inventory Models, Recent Developments in Inventory Theory, Markov Chains, Queuing Theory, Simulation, Forecasting Models, Index. | ||
| 700 | 1 |
_aWinston Wayne L _9800 |
|
| 942 | _cBK | ||
| 999 |
_c588 _d588 |
||